Statistics for What String Does Each Classical Piece Start on for Violins?

Click here to take the quiz!

General Stats

  • This quiz has been taken 111 times
  • The average score is 7 of 12

Answer Stats

PieceComposerString% Correct
Symphony No. 5BeethovenD
93%
Canon in DPachelbelE
91%
Summer Movement III (Presto)VivaldiD
90%
Symphony No. 40MozartA
80%
Violin Concerto in D Minor Movement III (Solo)SibeliusG/D
78%
Spring Movement IVivaldiA/E
70%
Violin Concerto Movement ISibeliusE
55%
Night on Bald MountainMussorgskyD/A
43%
TziganeRavelG
35%
O Fortuna (Carmina Burana)OrffA/E
24%
HabañeraBizetA
21%
Caprice No. 5PaganiniG
21%

Score Distribution

Percentile by Number Answered

Percent of People with Each Score

Your Score History

You have not taken this quiz